The diary of a young girl/ (Record no. 140812)

MARC details
000 -LEADER
fixed length control field 00526nam a22001817a 4500
005 - DATE AND TIME OF LATEST TRANSACTION
control field 20170703103856.0
010 ## - LCCN (DPL NO)
LC control number ENG-118521
020 ## - INTERNATIONAL STANDARD BOOK NUMBER
International Standard Book Number 8189297996
Terms of availability 450.00
035 ## - SYSTEM CONTROL NUMBER
System control number EN-102053
037 ## - SOURCE OF ACQUISITION
Source of stock number/acquisition DBAD/PUB
082 ## - DEWEY DECIMAL CLASSIFICATION NUMBER
Classification number 921
100 ## - MAIN ENTRY--PERSONAL NAME
Personal name Frank, Anne
245 ## - TITLE STATEMENT
Title The diary of a young girl/
Statement of responsibility, etc by Anne Frank
260 ## - PUBLICATION, DISTRIBUTION, ETC. (IMPRINT)
Place of publication, distribution, etc New Delhi
Name of publisher, distributor, etc Farsight Publishers and Distributors
Date of publication, distribution, etc 2015
270 ## - ADDRESS
Address S-16,Naveen Shahdara
City Delhi
Postal code 110032
300 ## - PHYSICAL DESCRIPTION
Extent xvi,255 :
Dimensions 22cm(Hb)
Other physical details ill.
942 ## - ADDED ENTRY ELEMENTS (KOHA)
Source of classification or shelving scheme Dewey Decimal Classification
Item type English Books
Call number suffix FRA
Classification part 921
Holdings
Withdrawn status Lost status Not for loan Collection code Home library Current library Date acquired Source of acquisition Cost, normal purchase price Full call number Barcode Copy number Cost, replacement price Koha item type
    Not For Loan Non-fiction D.B.Act.Division Bawana 06/06/2017 DBAD/PUB 450.00 921 FRA EN-102053 1 450.00 English Books

© Delhi Public Library
Hit Counter
free hit counter